000 00873nam a2200265 a 4500
001 000038018
003 DO-SdBNP
005 20221025140903.0
007 ta
008 130312s2019 dr ao grc 000 0 spa d
020 _a9789945616224
040 _aDO-SdBNP
_bspa
_cBNPHU
082 4 _a791.43
_bL865d
_222
100 1 _aLora R., Félix Manuel
_982595
245 1 0 _aEl discurso temático en la producción fílmica dominicana. /
_cManuel Félix Lora
260 _aSanto Domingo :
_bFundación Global Democracia y Desarrollo,
_c2019
300 _a197 p. :
_bil., ;
_c24 cm.
590 _aInventariado 2022 / DG
650 4 _981285
_aCine
_zRepública Dominicana
650 4 _951170
_aPelículas Cinematográficas
_zRepública Dominicana
650 4 _981283
_aPelículas cinematográficas
_zRepública Dominicana
700 1 _980598
910 _aDG
942 _2ddc
_cLBS1
999 _c52637
_d52637